[Event "TOP 16 GpA"]
[Site "Vandoeuvre FRA"]
[Date "2010.03.26"]
[Round "1"]
[White "Bellaiche,A"]
[Black "Swinkels,R"]
[Result "1-0"]
[WhiteElo "2443"]
[BlackElo "2501"]
[EventDate "2010.03.26"]

1. d4 Nf6 2. c4 e6 3. Nf3 b6 4. g3 Bb7 5. Bg2 Be7 6. O-O O-O 7. Re1 Na6 8.
Ne5 Bxg2 9. Kxg2 c5 10. d5 Qc7 11. Nf3 Ne4 12. Qd3 f5 13. a3 Bf6 14. Nbd2
Nxd2 15. Qxd2 Qb7 16. Rd1 e5 17. e4 fxe4 18. Ne1 b5 19. Qc2 bxc4 20. Qxc4
Rab8 21. Qxe4 Rfc8 22. Nf3 d6 23. Rb1 c4 24. Be3 Rc7 25. Rdc1 Rbc8 26. Rc3
Nc5 27. Qxc4 e4 28. Nd4 Na4 29. Qxa4 Rxc3 30. Nc6 R3xc6 31. dxc6 Qxc6 32.
Qb3+ Kf8 33. Rc1 Qd7 34. Rxc8+ Qxc8 35. Bxa7 Qc6 36. Be3 d5 37. Qb4+ Be7
38. Qb8+ Kf7 39. Qb6 Qc4 40. Qb7 Qd3 41. h3 Kf8 42. Qc8+ Kf7 43. Qd7 Kf8
44. a4 Qa6 45. b3 Qa5 46. Bd4 Bf6 47. Qd6+ Kf7 48. b4 Qxa4 49. Bxf6 gxf6
50. Qxd5+ 1-0

[Event "TOP 16 GpA"]
[Site "Vandoeuvre FRA"]
[Date "2010.03.26"]
[Round "1"]
[White "Prie,E"]
[Black "Vojinovic,G"]
[Result "1/2-1/2"]
[WhiteElo "2502"]
[BlackElo "2443"]
[EventDate "2010.03.26"]

1. d4 e6 2. Nf3 Nf6 3. Bf4 c5 4. c3 Nc6 5. e3 Nh5 6. Bg3 Nxg3 7. hxg3 d5 8.
Nbd2 Bd7 9. Bd3 g6 10. Qe2 Qe7 11. dxc5 Qxc5 12. e4 dxe4 13. Nxe4 Qe7 14.
O-O-O Bg7 15. Qe3 h5 16. Qc5 1/2-1/2

[Event "TOP 16 GpA"]
[Site "Vandoeuvre FRA"]
[Date "2010.03.26"]
[Round "1"]
[White "Colin,V"]
[Black "Touzane,O"]
[Result "1-0"]
[WhiteElo "2445"]
[BlackElo "2287"]
[EventDate "2010.03.26"]

1. d4 Nf6 2. c4 g6 3. Nc3 Bg7 4. e4 d6 5. f4 O-O 6. Nf3 Na6 7. e5 Nd7 8. h4
dxe5 9. fxe5 c5 10. h5 cxd4 11. hxg6 fxg6 12. Qxd4 Nxe5 13. Qh4 h5 14. Nxe5
Bxe5 15. Qg5 Bf5 16. Nd5 Bf6 17. Qg3 e6 18. Nxf6+ Qxf6 19. Bf4 Nb4 20. Be5
Nc2+ 21. Kd2 Qd8+ 22. Kc1 Nxa1 23. Rxh5 Qa5 24. Rxf5 Rxf5 25. Qxg6+ Kf8 26.
Bd6+ 1-0

[Event "TOP 16 GpA"]
[Site "Vandoeuvre FRA"]
[Date "2010.03.26"]
[Round "1"]
[White "Sarthou,G"]
[Black "Tirard,H"]
[Result "0-1"]
[WhiteElo "2386"]
[BlackElo "2451"]
[EventDate "2010.03.26"]

1. e4 c5 2. Nf3 Nc6 3. Bb5 e6 4. Bxc6 bxc6 5. d3 d5 6. Qe2 Ne7 7. O-O Ng6
8. c4 Bd6 9. Nc3 O-O 10. Re1 d4 11. e5 Nxe5 12. Nxe5 dxc3 13. Nxc6 Qc7 14.
Ne5 f6 15. Nf3 Bb7 16. Qxe6+ Kh8 17. bxc3 Bxf3 18. gxf3 Bxh2+ 19. Kg2 Be5
20. Bd2 Rad8 21. Qf5 g6 22. Qe4 Qd7 23. Re3 Rfe8 24. Rb1 Bc7 25. Qd5 Rxe3
26. Bxe3 Qxd5 27. cxd5 Rxd5 28. Rb7 Bb6 29. Bh6 Rxd3 30. c4 f5 31. a4 Rd6
32. a5 Bxa5 33. Rxa7 Bb6 34. Rb7 Kg8 35. Rg7+ Kh8 36. Rb7 Kg8 37. f4 Rc6
38. Rg7+ Kh8 0-1

[Event "TOP 16 GpA"]
[Site "Vandoeuvre FRA"]
[Date "2010.03.26"]
[Round "1"]
[White "Godard,M"]
[Black "Kaufeld,J"]
[Result "1/2-1/2"]
[WhiteElo "2340"]
[BlackElo "2241"]
[EventDate "2010.03.26"]

1. d4 d5 2. c4 c6 3. Nf3 Nf6 4. e3 Bf5 5. Nc3 e6 6. Nh4 Be4 7. f3 Bg6 8.
Nxg6 hxg6 9. Bd3 dxc4 10. Bxc4 b5 11. Bd3 a6 12. a4 b4 13. Ne4 Qc7 14. f4
Nbd7 15. Qf3 Be7 16. Bd2 O-O 17. Rc1 Rfc8 18. O-O Qa5 19. Rxc6 Qxa4 20.
Nxf6+ Nxf6 21. Rxc8+ Rxc8 22. Qb7 Qd7 23. Qxd7 Nxd7 24. Ra1 e5 25. fxe5
Nxe5 26. Bxa6 Rc2 27. Bc1 Bg5 28. Kf1 Ng4 29. Be2 Nxe3+ 30. Ke1 Rc8 31.
Bxe3 Bxe3 32. Rd1 Rc1 33. Rxc1 Bxc1 34. b3 Kf8 1/2-1/2

[Event "TOP 16 GpA"]
[Site "Vandoeuvre FRA"]
[Date "2010.03.26"]
[Round "1"]
[White "Litwak,A"]
[Black "Geenen,M"]
[Result "1-0"]
[WhiteElo "2269"]
[BlackElo "2327"]
[EventDate "2010.03.26"]

1. e4 e5 2. Nf3 Nc6 3. Bb5 a6 4. Bxc6 dxc6 5. O-O Bg4 6. h3 h5 7. d3 Qf6 8.
Be3 Bxf3 9. Qxf3 Qxf3 10. gxf3 Bd6 11. Nd2 Ne7 12. Rfb1 c5 13. Kf1 f6 14.
Ke2 Kf7 15. Nc4 Nc6 16. c3 a5 17. a4 h4 18. f4 exf4 19. Nxd6+ cxd6 20. Bxf4
Rad8 21. Ra3 Rhe8 22. Rb3 Re7 23. f3 d5 24. Rd1 c4 25. dxc4 dxe4 26. Rxd8
Nxd8 27. Bd6 exf3+ 28. Kxf3 Rd7 29. Rb6 Nc6 30. c5 Ke6 31. b4 axb4 32. cxb4
Kf5 33. a5 Ne7 34. Bxe7 Rxe7 35. Rd6 Rf7 36. b5 1-0

[Event "TOP 16 GpA"]
[Site "Vandoeuvre FRA"]
[Date "2010.03.26"]
[Round "1"]
[White "Sandalakis,A"]
[Black "Buscara,S"]
[Result "1/2-1/2"]
[WhiteElo "2319"]
[BlackElo "2238"]
[EventDate "2010.03.26"]

1. e4 d5 2. exd5 Qxd5 3. Nc3 Qa5 4. d4 Nf6 5. Bd2 Bg4 6. f3 Bf5 7. g4 Bg6
8. h4 h6 9. Nh3 Nbd7 10. Nf4 e5 11. Ncd5 Nxd5 12. Bxa5 exf4 13. Bd3 Ne3 14.
Qd2 Bxd3 15. Qxd3 O-O-O 16. Qb3 Be7 17. Kf2 f5 18. Bd2 Nc5 19. Qf7 Rd7 20.
g5 Nxc2 21. Qxg7 Rhd8 22. Bc3 hxg5 23. Rad1 Ne3 24. Rd2 Ne6 25. Qe5 Nf8 26.
hxg5 Nc4 27. Qxf5 Nxd2 28. Bxd2 Kb8 29. Bc3 Rd5 30. Qxf4 Bxg5 31. Qf7 R5d7
32. Qf5 Rd5 33. Qe4 Bf6 34. Rd1 Ka8 35. b4 R5d6 36. Rd3 Ne6 37. d5 Ng5 38.
Qc4 Nh3+ 39. Kg2 Rg8+ 40. Kxh3 Bxc3 41. Rxc3 Rh6+ 42. Qh4 Rxh4+ 43. Kxh4
Kb8 44. f4 Rg2 45. f5 Rxa2 46. f6 Rf2 47. Kg5 Kc8 48. Kg6 Kd7 49. f7 Rg2+
50. Kf6 Rf2+ 51. Kg7 Rg2+ 52. Kf6 1/2-1/2

[Event "TOP 16 GpA"]
[Site "Vandoeuvre FRA"]
[Date "2010.03.26"]
[Round "1"]
[White "Buscara,L"]
[Black "Fruteau,S"]
[Result "0-1"]
[WhiteElo "1688"]
[BlackElo "2125"]
[EventDate "2010.03.26"]

1. e4 e5 2. Nc3 Nf6 3. g3 Bc5 4. Bg2 O-O 5. Nge2 Nc6 6. O-O a6 7. h3 Ne7 8.
d4 exd4 9. Nxd4 Ng6 10. Kh2 d6 11. f4 c6 12. a3 Bb6 13. Be3 Bd7 14. Qe2 Re8
15. Qd3 Bc7 16. Rae1 Rb8 17. Nf3 b5 18. f5 Ne5 19. Nxe5 dxe5 20. Bg5 Qe7
21. Bf3 Rbd8 22. Qe3 Bd6 23. Rd1 Bc5 24. Bxf6 Bxe3 25. Bxe7 Rxe7 26. Ne2
Bb6 27. b4 Bc8 28. Rxd8+ Bxd8 29. Rd1 Rd7 30. Rxd7 Bxd7 31. c3 a5 32. Kg2
Kf8 33. Kf1 Ke7 34. Ke1 Kd6 35. Nc1 axb4 36. axb4 Bb6 37. Nd3 c5 38. bxc5+
Bxc5 39. Nxc5 Kxc5 40. Kd2 f6 41. Kd3 Be8 42. Bd1 Bf7 43. Bf3 Bc4+ 44. Kd2
Bf1 45. h4 b4 46. cxb4+ Kd4 47. g4 Bd3 48. Bg2 Bxe4 49. Bxe4 Kxe4 50. b5
Kd5 51. b6 Kc6 52. Kd3 Kxb6 53. Ke4 Kc6 54. g5 Kc5 0-1

[Event "TOP 16 GpA"]
[Site "Vandoeuvre FRA"]
[Date "2010.03.26"]
[Round "1"]
[White "Komarov,Di"]
[Black "Kasimdzhanov,R"]
[Result "0-1"]
[WhiteElo "2523"]
[BlackElo "2702"]
[EventDate "2010.03.26"]

1. d4 Nf6 2. c4 e6 3. Nf3 d5 4. Nc3 c6 5. Bg5 dxc4 6. e4 b5 7. e5 h6 8. Bh4
g5 9. Nxg5 hxg5 10. Bxg5 Nbd7 11. g3 Rg8 12. h4 Rxg5 13. hxg5 Nd5 14. g6
fxg6 15. Qg4 Qe7 16. Qxg6+ Qf7 17. Qxf7+ Kxf7 18. Bg2 Kg8 19. Ne4 c5 20.
O-O-O cxd4 21. Rxd4 Nxe5 22. Nf6+ Nxf6 23. Bxa8 Bd7 24. Rhd1 Bc5 25. Rf4
Kg7 26. Be4 Bxf2 27. Rxf2 Nxe4 28. Re2 Bc6 29. Rd4 Nd3+ 30. Kc2 Nec5 31. b3
Bd5 32. bxc4 bxc4 33. Rh4 Nd7 34. Kc3 N3e5 35. Rh5 Kf6 36. Rh8 Nf7 37. Rf2+
Ke7 38. Rh4 Ng5 39. Rxc4 Bxc4 40. Kxc4 Ne4 41. Rg2 e5 42. Kb5 Nc3+ 43. Kc4
Ne4 44. Kb5 Kf6 45. Ka6 Nc3 46. Rc2 Nc5+ 47. Kxa7 N5a4 48. Ka6 e4 49. Ka5
e3 50. g4 Kg5 51. Rg2 Nc5 52. Kb4 N5e4 53. Kc4 e2 54. Rxe2 Nxe2 55. a4 Nd6+
56. Kc5 Nc8 57. a5 Nc3 58. a6 Na7 59. Kb6 Ncb5 60. Kc5 Nc7 61. Kb6 Ncb5 62.
Kc5 Kxg4 63. Kc4 Kf4 64. Kd3 Kf3 65. Kd2 Nd4 66. Kd3 Ne2 67. Kd2 Nf4 68.
Ke1 Kg2 69. Kd2 Kf2 70. Kd1 Nd3 71. Kd2 Ne5 72. Kc1 Ke3 73. Kc2 Nf3 74. Kc3
Nd2 75. Kc2 Ne4 76. Kd1 Kf2 77. Kc1 Ke1 78. Kc2 Ke2 79. Kc1 Nf2 80. Kc2 Nd1
81. Kc1 Ne3 82. Kb1 Kd3 83. Kc1 Kc3 84. Kb1 Nc4 85. Kc1 Nb2 86. Kb1 Nd3 87.
Ka2 Kb4 88. Kb1 Kb3 89. Ka1 Kc2 90. Ka2 Nb5 91. a7 Nb4+ 92. Ka1 Nd4 93.
a8=Q Nb3+ 0-1

[Event "TOP 16 GpA"]
[Site "Vandoeuvre FRA"]
[Date "2010.03.26"]
[Round "1"]
[White "Bauer,Ch"]
[Black "Todorov,T"]
[Result "1/2-1/2"]
[WhiteElo "2607"]
[BlackElo "2493"]
[EventDate "2010.03.26"]

1. d4 d6 2. e4 g6 3. Nc3 Bg7 4. Be3 a6 5. Qd2 b5 6. Bd3 Nf6 7. a4 b4 8.
Nce2 a5 9. Bh6 O-O 10. h4 e5 11. h5 Nxh5 12. f3 Nc6 13. g4 Nf4 14. Bxg7
Kxg7 15. Nxf4 exf4 16. Bb5 Ne7 17. Qh2 Rh8 18. Qh6+ Kg8 19. Ne2 Ba6 20.
Nxf4 Bxb5 21. axb5 a4 22. Kf2 a3 23. bxa3 bxa3 24. Rhb1 Qb8 25. Rb3 Qa7 26.
c3 a2 27. Qg5 Re8 28. Qf6 Qa5 29. Nh5 gxh5 30. gxh5 Ng6 31. Ke3 Re6 32. Qg5
Qa4 33. Rb2 Qa3 34. Rc2 Kg7 35. Raxa2 Qb3 36. Kd3 h6 37. Qg4 Qxb5+ 38. Kd2
Qf1 39. Qg3 Rb8 40. Rc1 Qc4 41. Rac2 Rb5 42. hxg6 Rxg6 43. Qh2 Rbg5 44. Ke3
f5 45. exf5 Rxf5 1/2-1/2

[Event "TOP 16 GpA"]
[Site "Vandoeuvre FRA"]
[Date "2010.03.26"]
[Round "1"]
[White "Lazarev,V"]
[Black "Landa,K"]
[Result "0-1"]
[WhiteElo "2468"]
[BlackElo "2635"]
[EventDate "2010.03.26"]

1. d4 Nf6 2. c4 e6 3. Nf3 d5 4. g3 dxc4 5. Qa4+ Nbd7 6. Bg2 a6 7. Qxc4 b5
8. Qc6 Rb8 9. Bf4 Bb7 10. Qc2 Rc8 11. O-O c5 12. dxc5 Bxc5 13. Qd1 Qb6 14.
Nc3 Ng4 15. Qe1 e5 16. Bc1 e4 17. Nh4 Qe6 18. h3 Ngf6 19. Be3 O-O 20. Bxc5
Rxc5 21. g4 Re8 22. f4 exf3 23. exf3 g6 24. Qxe6 Rxe6 25. a3 Nb6 26. Rf2
Nc4 27. Rc1 Ne3 28. f4 Nxg2 29. Nxg2 Nd5 30. f5 Nxc3 31. fxe6 Ne2+ 32. Rxe2
Rxc1+ 33. Kf2 fxe6 34. Nf4 Bd5 35. Nxe6 Bc4 36. Re3 Rc2+ 37. Kg3 Rxb2 38.
Nc5 a5 39. Rc3 Ba2 40. Re3 b4 41. axb4 axb4 42. Re7 Rc2 43. Ra7 Rxc5 44.
Rxa2 Rb5 45. Kf3 Kf7 46. Ke4 b3 47. Rf2+ Ke6 48. Rb2 Kf6 49. Kf4 Rb4+ 50.
Kf3 Ke5 51. Ke3 g5 52. Kd3 Kf4 0-1

[Event "TOP 16 GpA"]
[Site "Vandoeuvre FRA"]
[Date "2010.03.26"]
[Round "1"]
[White "Brunner,N"]
[Black "Legky,N"]
[Result "1-0"]
[WhiteElo "2420"]
[BlackElo "2428"]
[EventDate "2010.03.26"]

1. d4 d5 2. c4 dxc4 3. Nf3 Nf6 4. e3 e6 5. Bxc4 c5 6. O-O Nc6 7. Qe2 cxd4
8. Rd1 Be7 9. exd4 O-O 10. Nc3 Na5 11. Bd3 b6 12. Bg5 Bb7 13. Rac1 Rc8 14.
Bb1 Nd5 15. Qe4 g6 16. Qh4 f6 17. Bh6 Nxc3 18. bxc3 Bxf3 19. gxf3 Re8 20.
d5 exd5 21. Qg4 Kh8 22. Be4 Rc5 23. f4 Qd6 24. Rd3 d4 25. Rxd4 Qxd4 26.
cxd4 Rxc1+ 27. Kg2 Bf8 28. Qd7 Rcc8 29. Bxf8 Rxf8 30. Bd5 Rcd8 31. Qe7 Rde8
32. Qxa7 Rd8 33. Qe7 Rde8 34. Qc7 Rd8 35. Be6 Rb8 36. d5 Nb7 37. Qxb6 Rfd8
38. Qc7 Nd6 39. Qe7 Nf5 40. Qxf6+ Ng7 41. h4 Rf8 42. Qd4 h5 43. d6 Kh7 44.
Bh3 Rbd8 45. Qb6 Ra8 46. d7 Rad8 47. Qd6 Rf7 48. Qc7 Rff8 49. a4 Nf5 50.
Bxf5 gxf5 51. Kf3 Kg6 52. a5 Kf7 53. Qd6 Ra8 54. a6 Rfd8 55. Ke3 Rf8 56.
Kd4 Rfd8 57. Ke5 1-0

[Event "TOP 16 GpA"]
[Site "Vandoeuvre FRA"]
[Date "2010.03.26"]
[Round "1"]
[White "Giffard,N"]
[Black "Paci,C"]
[Result "0-1"]
[WhiteElo "2361"]
[BlackElo "2345"]
[EventDate "2010.03.26"]

1. d4 e6 2. Nf3 f5 3. h3 Nf6 4. g4 Bb4+ 5. c3 Be7 6. gxf5 exf5 7. Qb3 d5 8.
Rg1 O-O 9. Bh6 Nh5 10. Nbd2 Kh8 11. Bg5 Nc6 12. Bxe7 Qxe7 13. O-O-O Nf6 14.
Ne1 a5 15. Nd3 a4 16. Qc2 Ne4 17. e3 b6 18. f3 Nd6 19. Re1 Ba6 20. Nf4 Bxf1
21. Nxf1 Qf7 22. Re2 b5 23. Reg2 Ne8 24. a3 Ra6 25. Nd3 Qe7 26. Nc5 Rb6 27.
Rg5 f4 28. e4 dxe4 29. Qxe4 Qxe4 30. Nxe4 Ne7 31. Nfd2 Rg6 32. Re1 Rxg5 33.
Nxg5 Nd5 34. Ne6 Rg8 35. Nd8 h6 36. Re5 Nef6 37. Nc6 Re8 38. Na7 Rb8 39.
Ne4 Nxe4 40. Rxe4 Rb7 41. Re5 Ne3 42. Nxb5 Ng2 43. c4 Nh4 44. d5 Nxf3 45.
Re7 Rb6 46. Rxc7 Ne5 47. d6 f3 48. d7 Nxd7 49. Rxd7 f2 50. Rd1 Rg6 51. Kc2
Rg1 52. Rd8+ Kh7 53. Rf8 f1=Q 54. Rxf1 Rxf1 55. Nc3 Rf2+ 56. Kb1 Rf4 57.
Nxa4 Rxc4 58. b3 Rh4 59. b4 Rxh3 60. Kb2 h5 61. b5 Rf3 62. Nc3 h4 63. b6
Rf6 64. Nd5 Rxb6+ 65. Nxb6 h3 0-1

[Event "TOP 16 GpA"]
[Site "Vandoeuvre FRA"]
[Date "2010.03.26"]
[Round "1"]
[White "Philippe,C"]
[Black "Karr,JP"]
[Result "1-0"]
[WhiteElo "2428"]
[BlackElo "2385"]
[EventDate "2010.03.26"]

1. e4 c5 2. Nf3 Nc6 3. d4 cxd4 4. Nxd4 Nf6 5. Nc3 e5 6. Ndb5 d6 7. Bg5 a6
8. Na3 b5 9. Bxf6 gxf6 10. Nd5 f5 11. c3 Bg7 12. exf5 Bxf5 13. Nc2 O-O 14.
Nce3 Be6 15. Bd3 f5 16. O-O Ra7 17. a4 Ne7 18. Nxe7+ Rxe7 19. axb5 axb5 20.
Bxb5 d5 21. Ra6 Kh8 22. Qa4 f4 23. Nc2 Bc8 24. Ra8 Qd6 25. Rd1 Qg6 26. Ne1
Bb7 27. Rxf8+ Bxf8 28. Qa5 Qd6 29. Bc4 d4 30. cxd4 exd4 31. Qf5 Bg7 32. Nf3
Bf6 33. Rxd4 Re1+ 34. Nxe1 Qxd4 35. Bd3 1-0

[Event "TOP 16 GpA"]
[Site "Vandoeuvre FRA"]
[Date "2010.03.26"]
[Round "1"]
[White "Bijaoui,M"]
[Black "Nezar,M"]
[Result "1/2-1/2"]
[WhiteElo "2410"]
[BlackElo "2398"]
[EventDate "2010.03.26"]

1. e4 e5 2. Nf3 Nf6 3. Nxe5 d6 4. Nf3 Nxe4 5. d4 d5 6. Bd3 Be7 7. O-O Nd6
8. Ne5 Be6 9. Re1 Nd7 10. Nc3 O-O 11. Qf3 c6 12. Ne2 Nf6 13. Nf4 Bc8 14. b3
g6 15. Ba3 Re8 16. c4 Nf5 17. Bb2 Nh4 18. Qd1 Bb4 19. Re2 Bf8 20. g3 Nf5
21. cxd5 Nxd5 22. Nxd5 cxd5 23. Rc2 Bg7 24. Bb5 Re6 25. Nf3 Nd6 26. Bd3 Re7
27. Ne5 Nf5 28. Nf3 Nd6 29. Ne5 Bf5 30. Ba3 Re6 31. Bxd6 Bxd3 32. Qxd3 Qxd6
33. Nf3 Bh6 34. Qb5 Re7 35. Re1 a6 36. Qf1 Re4 37. Qh3 Kg7 38. Rc8 Rxc8 39.
Qxc8 Qe7 40. Qc3 f6 41. Kg2 Kf7 42. Rxe4 dxe4 1/2-1/2

[Event "TOP 16 GpA"]
[Site "Vandoeuvre FRA"]
[Date "2010.03.26"]
[Round "1"]
[White "Steil Antoni,F"]
[Black "Lefevre,Ma"]
[Result "1-0"]
[WhiteElo "2151"]
[BlackElo "2036"]
[EventDate "2010.03.26"]

1. e4 c5 2. c3 Nf6 3. e5 Nd5 4. d4 cxd4 5. cxd4 Nc6 6. Nc3 Nxc3 7. bxc3 d6
8. f4 e6 9. Nf3 dxe5 10. fxe5 Qc7 11. Bd3 Bd7 12. O-O O-O-O 13. Ng5 Be8 14.
Qf3 Rd7 15. Nxh7 Be7 16. Ng5 Bxg5 17. Bxg5 f6 18. Bf4 fxe5 19. Bg3 Qd8 20.
Be4 Bh5 21. Qd3 Rc7 22. Bxc6 Rxc6 23. Bxe5 Qe7 24. Qh3 Rh7 25. Rf4 Bg6 26.
Qf3 Rh8 27. Rf1 Be8 28. Qg3 Rg8 29. Qd3 Rh8 30. c4 Ra6 31. R1f2 Ra3 32. Qb1
Bc6 33. Rf7 Qh4 34. Rc7+ Kd8 35. Rxc6 1-0

[Event "TOP 16 GpA"]
[Site "Evry FRA"]
[Date "2010.03.26"]
[Round "1"]
[White "Bailet,P"]
[Black "Degraeve,JM"]
[Result "1/2-1/2"]
[WhiteElo "2367"]
[BlackElo "2563"]
[EventDate "2010.03.26"]

1. e4 Nf6 2. e5 Nd5 3. d4 d6 4. Nf3 dxe5 5. Nxe5 c6 6. c3 Nd7 7. Nf3 N7f6
8. Bd3 Bg4 9. O-O e6 10. Nbd2 Be7 11. Re1 O-O 12. Qb3 Qc7 13. Ne5 c5 14.
Nxg4 Nxg4 15. Nf3 cxd4 16. h3 Ngf6 17. Nxd4 Bc5 18. Bg5 h6 19. Bh4 Bxd4 20.
cxd4 Rfd8 21. Be4 Rd7 22. Bf3 Qf4 23. Bxf6 Nxf6 24. Rac1 Rb8 25. Rc4 Rxd4
26. g3 Qd6 27. Bxb7 Rxc4 28. Qxc4 Qb6 29. Bf3 Qxb2 30. Qc7 Qb6 31. Rc1 Rd8
32. Qxb6 axb6 33. Rc6 Rd3 34. Kg2 Ra3 35. Rxb6 Rxa2 36. Rb8+ Kh7 37. Rb7
Kg6 38. h4 h5 39. Rb5 Rd2 40. Ra5 Kh6 41. Rb5 g6 42. Ra5 Kg7 43. Rb5 Ne8
44. Ra5 Nd6 45. Rc5 Kf6 46. Ra5 Nc4 47. Ra7 Ne5 48. Ra1 Nd3 49. Rf1 e5 50.
Be4 Nc5 51. Bb1 e4 52. Rc1 e3 53. Kf3 e2 54. Re1 Rb2 55. Ke3 Ke5 56. f4+
Kd5 57. f5 gxf5 58. Bxf5 Ke5 59. Bh7 f5 60. Bg6 Rb3+ 61. Kxe2 Ne4 62. Bxh5
Nxg3+ 63. Kd2+ Kd4 64. Bd1 Rd3+ 65. Kc2 Ne4 66. Rf1 Rd2+ 67. Kc1 Ke5 68.
Rh1 Rd8 69. Bf3 Rc8+ 70. Kb2 Nd2 71. Be2 f4 72. Rh3 Ne4 73. h5 Rh8 74. Kc2
Ng3 75. Kd2 Ke4 76. h6 1/2-1/2

[Event "TOP 16 GpA"]
[Site "Evry FRA"]
[Date "2010.03.26"]
[Round "1"]
[White "Gozzoli,Y"]
[Black "Laurent,Ju"]
[Result "1-0"]
[WhiteElo "2515"]
[BlackElo "2319"]
[EventDate "2010.03.26"]

1. d4 Nf6 2. c4 g6 3. Nc3 Bg7 4. e4 d6 5. Nf3 O-O 6. Be2 e5 7. O-O exd4 8.
Nxd4 Re8 9. f3 c6 10. Kh1 Nbd7 11. g4 Nc5 12. Be3 Nfd7 13. Qd2 a5 14. Rad1
a4 15. Rg1 Qa5 16. Nf5 gxf5 17. gxf5 Kh8 18. Rxg7 Kxg7 19. Rg1+ Kh8 20.
Bd4+ f6 21. Qh6 1-0

[Event "TOP 16 GpA"]
[Site "Evry FRA"]
[Date "2010.03.26"]
[Round "1"]
[White "Bodenez,V"]
[Black "Marzolo,C"]
[Result "0-1"]
[WhiteElo "2186"]
[BlackElo "2470"]
[EventDate "2010.03.26"]

1. e4 e6 2. d4 c5 3. Nf3 cxd4 4. Nxd4 a6 5. Bd3 Nf6 6. O-O Qc7 7. Qe2 d6 8.
a4 b6 9. Nd2 Be7 10. Kh1 Bb7 11. f4 Nbd7 12. c3 O-O 13. Rf3 Rfe8 14. Rh3
Bf8 15. N4f3 e5 16. fxe5 dxe5 17. Bc2 Nc5 18. Nh4 Rad8 19. Nf5 Qd7 20. Re3
Ne6 21. Rd3 Qc6 22. Rxd8 Rxd8 23. Ng3 Nd4 24. cxd4 Qxc2 25. d5 Rc8 26. h3
Bb4 27. Nf5 Kf8 28. Ne3 Nxe4 29. Nxc2 Ng3+ 30. Kh2 Nxe2 31. Nxb4 Nxc1 32.
a5 b5 33. Kg3 Ne2+ 34. Kf3 Nf4 35. Ke4 f6 0-1

[Event "TOP 16 GpA"]
[Site "Evry FRA"]
[Date "2010.03.26"]
[Round "1"]
[White "Delorme,L"]
[Black "Le Diouron,A"]
[Result "1-0"]
[WhiteElo "2226"]
[BlackElo "1956"]
[EventDate "2010.03.26"]

1. d4 Nf6 2. c4 g6 3. Nc3 Bg7 4. Nf3 O-O 5. e4 d6 6. Be2 c5 7. d5 e6 8. O-O
exd5 9. cxd5 a6 10. a4 Nbd7 11. h3 b6 12. Bf4 Ne8 13. Bg5 Qc7 14. Rc1 h6
15. Be3 Rb8 16. Qd2 Kh7 17. b4 Qd8 18. b5 a5 19. Nb1 Ne5 20. Nxe5 dxe5 21.
f4 Nd6 22. Bd3 f5 23. fxe5 fxe4 24. exd6 exd3 25. Rxf8 Bxf8 26. Rf1 Rb7 27.
Nc3 Bxd6 28. Bxh6 Qh4 29. Bf4 Bxf4 30. Rxf4 Qh6 31. Ne4 Bf5 32. Nd6 Re7 33.
Nxf5 gxf5 34. g3 Re4 35. Qxd3 Rxf4 36. gxf4 Qxf4 37. d6 c4 38. Qd5 Qg3+ 39.
Kf1 Qxh3+ 40. Ke2 Qg4+ 41. Kd2 c3+ 42. Kxc3 Qb4+ 43. Kd3 Qa3+ 44. Kd4 Qb2+
45. Ke3 Qc1+ 46. Qd2 Qg1+ 47. Kd3 Qg3+ 48. Kc2 Qa3 49. Qd4 Qa2+ 50. Kd3
Qa3+ 51. Ke2 Qa2+ 52. Kf3 Qa3+ 53. Kf4 Qc1+ 54. Kxf5 Qf1+ 55. Ke6 Qh3+ 56.
Ke7 Qa3 57. Ke8 Qf3 58. d7 Qh5+ 59. Kd8 1-0

[Event "TOP 16 GpA"]
[Site "Evry FRA"]
[Date "2010.03.26"]
[Round "1"]
[White "Hauchard,A"]
[Black "Nguyen Chi Minh"]
[Result "1/2-1/2"]
[WhiteElo "2527"]
[BlackElo "2439"]
[EventDate "2010.03.26"]

1. c4 b6 2. Nf3 Bb7 3. g3 Nf6 4. Bg2 g6 5. d4 Bg7 6. O-O O-O 7. Nc3 Ne4 8.
Nxe4 Bxe4 9. Be3 d5 10. Qc1 Nd7 11. Rd1 e6 12. Bh6 Re8 13. Bxg7 Kxg7 14. b3
b5 15. a4 bxc4 16. bxc4 Nb6 17. Nd2 Bxg2 18. Kxg2 Nxc4 19. Nxc4 dxc4 20.
Qxc4 1/2-1/2

[Event "TOP 16 GpA"]
[Site "Evry FRA"]
[Date "2010.03.26"]
[Round "1"]
[White "Clery,N"]
[Black "Kogan,Ar"]
[Result "0-1"]
[WhiteElo "2391"]
[BlackElo "2524"]
[EventDate "2010.03.26"]

1. Nf3 d5 2. e3 Nf6 3. c4 c6 4. Nc3 a6 5. Qc2 g6 6. b3 Bg7 7. Bb2 O-O 8.
Be2 Bf5 9. d3 b5 10. c5 a5 11. a3 Na6 12. Nd1 Qc7 13. Rc1 b4 14. a4 Rfe8
15. Ne5 Ne4 16. dxe4 Bxe4 17. Bd3 Bxe5 18. Bxe4 dxe4 19. Qxe4 Bxb2 20. Nxb2
Red8 21. O-O Rd5 22. Rfd1 Nxc5 23. Qc4 Rad8 24. Rxd5 Rxd5 25. g3 Qe5 26.
Rc2 Qf5 27. Kg2 Ne4 28. Qxc6 Nd2 29. Qc8+ Kg7 30. Qxf5 gxf5 31. Rc7 Kf6 32.
Nc4 Nxb3 33. Rc6+ e6 34. f4 Rc5 35. Rxc5 Nxc5 36. Nxa5 b3 37. Nxb3 Nxb3 38.
Kh3 Na5 39. Kg2 Ke7 40. Kf3 Nb3 41. g4 Kd6 42. gxf5 exf5 43. Kg3 f6 44. Kh4
Ke6 45. Kh5 Kf7 46. Kh6 Kg8 47. Kh5 Na5 48. Kh6 Nc4 49. h3 Kh8 50. Kh5 Kg7
51. Kh4 Kg6 52. Kg3 Kh5 53. h4 Kg6 54. Kf3 Kf7 55. Ke2 Ke6 56. Kd3 0-1

[Event "TOP 16 GpA"]
[Site "Evry FRA"]
[Date "2010.03.26"]
[Round "1"]
[White "Chabanon,JL"]
[Black "Housieaux,D"]
[Result "1/2-1/2"]
[WhiteElo "2455"]
[BlackElo "2431"]
[EventDate "2010.03.26"]

1. d4 e6 2. c4 f5 3. Nf3 Nf6 4. Nc3 Be7 5. g3 O-O 6. Bg2 d5 7. O-O c6 8.
Bf4 Nh5 9. Be5 Nd7 10. Qc2 Bf6 11. Rad1 Qe7 12. Qb3 Kh8 13. a3 b6 14. Qb4
c5 15. Bxf6 Nhxf6 16. dxc5 a5 17. Qb3 dxc4 18. Qxc4 Ba6 19. Qh4 bxc5 20.
Rfe1 Rab8 21. e4 fxe4 22. Nxe4 Rfd8 23. Nfg5 Ne5 24. Rxd8+ Rxd8 25. Qh3 Bc4
26. Rc1 h6 27. Nf3 Nxf3+ 28. Bxf3 Bd5 29. Re1 Nxe4 30. Bxe4 Qf6 31. Qh4
Qxh4 32. gxh4 Rb8 33. Bxd5 exd5 34. Re5 Rxb2 35. Rxd5 Rb3 36. Rxc5 Rxa3 37.
Rc8+ Kh7 38. h5 Rb3 39. Rc5 a4 40. Ra5 a3 41. Ra8 Rb1+ 42. Kg2 Rb3 43. h3
1/2-1/2

[Event "TOP 16 GpA"]
[Site "Evry FRA"]
[Date "2010.03.26"]
[Round "1"]
[White "Assad,K"]
[Black "Milliet,S"]
[Result "0-1"]
[WhiteElo "2056"]
[BlackElo "2391"]
[EventDate "2010.03.26"]

1. d4 Nf6 2. c4 e6 3. Nf3 c5 4. d5 b5 5. dxe6 fxe6 6. cxb5 a6 7. bxa6 d5 8.
g3 Bd6 9. Nc3 d4 10. Nb1 O-O 11. Bg2 Rxa6 12. O-O e5 13. Bg5 Be6 14. b3
Nbd7 15. Nbd2 h6 16. Bxf6 Nxf6 17. Ne1 Rf7 18. Nd3 Rfa7 19. Qc2 Qe7 20.
Rfc1 Bf5 21. Nc4 Bc7 22. Nd2 Ba5 23. Nb1 Bb4 24. a3 Kh7 25. h3 Bg6 26. Qc4
Bf7 27. Qc2 Bg6 28. Qc4 Nd7 29. Nxb4 cxb4 30. a4 Ra5 31. Qc6 e4 32. Nd2 e3
33. Be4 Ne5 34. Bxg6+ Nxg6 35. Nf1 exf2+ 36. Kxf2 Qf7+ 37. Kg1 Qxb3 38. Qc4
Qxc4 39. Rxc4 Rxa4 40. Rxa4 Rxa4 41. Rxd4 Ne5 42. Nd2 Nc6 43. Rd6 Na5 44.
Kf2 b3 45. Ra6 Ra1 46. Rxa5 Rxa5 47. Nxb3 Ra3 48. Nd4 Kg6 49. Nf3 Kf5 50.
Nh4+ Ke4 51. Nf3 Ra2 52. Ne1 Ra5 53. Ng2 Rf5+ 54. Ke1 g5 55. h4 Rf8 56.
hxg5 hxg5 57. Kd2 Rf1 0-1

[Event "TOP 16 GpA"]
[Site "Evry FRA"]
[Date "2010.03.26"]
[Round "1"]
[White "Aguettaz,M"]
[Black "Dorfman,I"]
[Result "1/2-1/2"]
[WhiteElo "2389"]
[BlackElo "2587"]
[EventDate "2010.03.26"]

1. c4 e5 2. Nc3 Nf6 3. Nf3 Nc6 4. d3 d5 5. cxd5 Nxd5 6. g3 Be7 7. Bg2 Be6
8. O-O O-O 9. Bd2 Qd7 10. Rc1 Rfd8 11. Ne4 f6 12. Nc5 Bxc5 13. Rxc5 Nd4 14.
Nxd4 exd4 15. Qc2 c6 16. b4 Nc7 17. a4 a6 18. Bf4 Nd5 19. Bd2 Nc7 20. Bf4
Nd5 21. Bd2 Nc7 22. Bf4 1/2-1/2

[Event "TOP 16 GpA"]
[Site "Evry FRA"]
[Date "2010.03.26"]
[Round "1"]
[White "Miton,K"]
[Black "Dumitrache,D"]
[Result "1/2-1/2"]
[WhiteElo "2581"]
[BlackElo "2467"]
[EventDate "2010.03.26"]

1. d4 d5 2. c4 c6 3. Nc3 Nf6 4. Nf3 a6 5. c5 Bf5 6. Bf4 Nbd7 7. e3 e6 8.
Be2 Ne4 9. Nxe4 Bxe4 10. O-O Be7 11. Nd2 Bg6 12. b4 O-O 13. Nb3 Re8 14. a4
Bf6 15. Bg3 e5 16. Qd2 exd4 17. exd4 Nf8 18. Rfe1 Qd7 19. Bf1 Bf5 20. Na5
Rxe1 21. Rxe1 Ne6 22. Be5 Bg5 23. Qc3 Bd8 24. h3 Bxa5 25. bxa5 Re8 26. Qb4
Nd8 27. Rc1 f6 28. Bf4 Re4 29. Qd2 g5 30. Be3 Re7 31. Rc3 Qc7 32. Rb3 Ne6
33. Qb4 Kg7 34. Rb2 Bg6 35. Qb6 Kf7 36. Qxc7 1/2-1/2

[Event "TOP 16 GpA"]
[Site "Evry FRA"]
[Date "2010.03.26"]
[Round "1"]
[White "Terrieux,K"]
[Black "Nataf,IA"]
[Result "0-1"]
[WhiteElo "2423"]
[BlackElo "2534"]
[EventDate "2010.03.26"]

1. d4 Nf6 2. c4 g6 3. Nc3 Bg7 4. e4 d6 5. f3 O-O 6. Nge2 a6 7. Bg5 c6 8. a4
a5 9. Qd2 Na6 10. Nc1 e5 11. d5 Nc5 12. Ra3 Qc7 13. g4 Nfd7 14. Be2 Nb8 15.
Be3 Nba6 16. O-O f5 17. Rd1 fxg4 18. fxg4 Bd7 19. dxc6 bxc6 20. Qxd6 Qxd6
21. Rxd6 Rfd8 22. Bg5 Rdb8 23. Rd2 Rb7 24. Bd1 Ne6 25. Be3 Bf8 26. Ra2 Bc5
27. Bxc5 Naxc5 28. Nd3 Nxd3 29. Rxd3 Nc5 30. Rd6 Kf7 31. Rd2 Ke7 32. Be2
Be6 33. g5 Rf8 34. Rd1 Rb4 35. Rf1 Rxf1+ 36. Kxf1 Bxc4 37. Bxc4 Rxc4 0-1